[Event "Gothenburg Kvibergspelen"]
[Site "Gothenburg"]
[Date "2023.09.16"]
[Round "5"]
[White "Bohman Karlholm, Adrian"]
[Black "Tripathi, Pratyush"]
[Result "0-1"]
[WhiteElo "2134"]
[BlackElo "1735"]
[PlyCount "84"]
[EventDate "2023.09.15"]
[EventType "swiss"]
[EventRounds "8"]
[EventCountry "SWE"]
[SourceTitle "EXT 2024"]
[Source "ChessBase"]
[SourceDate "2023.10.10"]
[SourceVersion "1"]
[SourceVersionDate "2023.10.10"]
[SourceQuality "1"]

1. d4 d5 2. c4 c6 3. Nf3 Nf6 4. Nc3 e6 5. e3 Nbd7 6. Bd3 dxc4 7. Bxc4 b5 8. Bd3 Bd6 9. 0-0 0-0 10. a4 b4 11. Ne4 Nxe4 12. Bxe4 Bb7 13. Bd2 Nf6 14. Bd3 c5 15. Qe2 Ne4 16. Be1 Qf6 17. Nd2 Nxd2 18. Qxd2 cxd4 19. exd4 Rfd8 20. Rd1 Bf4 21. Qe2 Rxd4 22. f3 a5 23. Bf2 Rdd8 24. Bb5 Be5 25. b3 Bd4 26. Kh1 Bxf2 27. Qxf2 Bd5 28. Rd3 Rdc8 29. Qe3 Rc3 30. Bc4 Bxc4 31. bxc4 Rxc4 32. Rfd1 Rc3 33. Qa7 Rac8 34. h3 Rxd3 35. Rxd3 Rc1+ 36. Kh2 Qf4+ 37. g3 Rc2+ 38. Kh1 Qc1+ 39. Qg1 Qxg1+ 40. Kxg1 Kf8 41. Rd8+ Ke7 42. Ra8 b3 0-1

[Event "Gothenburg Kvibergspelen"]
[Site "Gothenburg"]
[Date "2023.09.15"]
[Round "4"]
[White "Akesson, Ralf"]
[Black "Bohman Karlholm, Adrian"]
[Result "1-0"]
[WhiteElo "2410"]
[BlackElo "2134"]
[PlyCount "93"]
[EventDate "2023.09.15"]
[EventType "swiss"]
[EventRounds "8"]
[EventCountry "SWE"]
[SourceTitle "EXT 2024"]
[Source "ChessBase"]
[SourceDate "2023.10.10"]
[SourceVersion "1"]
[SourceVersionDate "2023.10.10"]
[SourceQuality "1"]

1. d4 d5 2. c4 e6 3. Nc3 a6 4. cxd5 exd5 5. Nf3 Nf6 6. Bg5 Be6 7. e3 Nbd7 8. Bd3 Bd6 9. 0-0 c6 10. Qc2 Qc7 11. Bh4 0-0 12. Bg3 h6 13. Na4 Rfe8 14. Rfc1 Ne4 15. Bxe4 dxe4 16. Nd2 Bd5 17. Nc3 Bxg3 18. hxg3 Nf6 19. Nxd5 Nxd5 20. Nxe4 Qe7 21. Nc5 Nf6 22. Re1 Ng4 23. Qf5 Nf6 24. e4 Rad8 25. Rad1 b6 26. Nb3 Nxe4 27. g4 Qe6 28. Qf4 Qd5 29. Qc7 b5 30. Rc1 Nf6 31. f3 Rxe1+ 32. Rxe1 Rd7 33. Qc8+ Kh7 34. Qxa6 Qc4 35. Rc1 Qe2 36. Qxc6 Qe3+ 37. Kh1 Re7 38. Qxb5 Qf2 39. Qf5+ Kg8 40. g5 g6 41. Qc8+ Kh7 42. Qh3 Nh5 43. Nc5 Qxb2 44. Rg1 Qxd4 45. Ne4 Kg8 46. g4 Nf4 47. Nf6+ 1-0

[Event "Ostersund Storsjodraget op"]
[Site "Ostersund"]
[Date "2022.06.10"]
[Round "1"]
[White "Vreugdenhil, Maarten"]
[Black "Bohman Karlholm, Adrian"]
[Result "0-1"]
[WhiteElo "1422"]
[BlackElo "2089"]
[PlyCount "68"]
[EventDate "2022.06.10"]
[EventType "swiss"]
[EventRounds "7"]
[EventCountry "SWE"]
[SourceTitle "CBM 208 Extra"]
[Source "ChessBase"]
[SourceDate "2022.07.31"]
[SourceVersion "1"]
[SourceVersionDate "2022.07.31"]
[SourceQuality "1"]

1. d4 d5 2. c4 e6 3. Nf3 c5 4. e3 Nc6 5. cxd5 exd5 6. Nc3 Nf6 7. Be2 c4 8. Qc2 Bb4 9. 0-0 0-0 10. a3 Ba5 11. b4 Bc7 12. Bb2 Re8 13. Rfe1 Bg4 14. Rad1 a6 15. h3 Bh5 16. Nd2 Bg6 17. Qc1 Qd6 18. Nf1 b5 19. Bf3 Rab8 20. Ng3 a5 21. a4 bxa4 22. b5 Nb4 23. Ba3 Qd7 24. Nxa4 Nd3 25. Rxd3 Bxd3 26. Nc5 Qxb5 27. Nxd3 Bxg3 28. Nc5 Bd6 29. g4 Ne4 30. Bxe4 dxe4 31. Qc2 Bxc5 32. Bxc5 Qb3 33. Rc1 a4 34. Qxc4 Rec8 0-1

[Event "Deltalift op"]
[Site "Tylosand"]
[Date "2022.05.27"]
[Round "6"]
[White "Ziegler, Ari"]
[Black "Bohman Karlholm, Adrian"]
[Result "1/2-1/2"]
[WhiteElo "2327"]
[BlackElo "2122"]
[PlyCount "159"]
[EventDate "2022.05.26"]
[EventType "swiss"]
[EventRounds "8"]
[EventCountry "SWE"]
[SourceTitle "CBM 208 Extra"]
[Source "ChessBase"]
[SourceDate "2022.07.31"]
[SourceVersion "1"]
[SourceVersionDate "2022.07.31"]
[SourceQuality "1"]

1. e4 c5 2. Nf3 d6 3. d4 cxd4 4. Nxd4 Nf6 5. Nc3 Nc6 6. Bc4 Qb6 7. Nb3 e6 8. Bf4 Ne5 9. Be2 Bd7 10. 0-0 Be7 11. Be3 Qc7 12. f4 Nc4 13. Bxc4 Qxc4 14. e5 dxe5 15. fxe5 Nd5 16. Nxd5 exd5 17. c3 0-0 18. Qd2 Be6 19. Nd4 a6 20. a3 b5 21. Rae1 Rac8 22. Rf3 Kh8 23. Kh1 a5 24. Bg5 Bxg5 25. Qxg5 h6 26. Qe7 Rfe8 27. Qd6 a4 28. h3 Kg8 29. Ref1 Rcd8 30. Qa6 Ra8 31. Qxb5 Rab8 32. Qxc4 dxc4 33. R3f2 Rb6 34. Re2 Reb8 35. Rff2 Bc8 36. Kg1 R8b7 37. Kf1 Re7 38. Ke1 Bd7 39. Kd1 Rb8 40. Rf4 Rbe8 41. Rfe4 f5 42. R4e3 f4 43. Re4 g5 44. e6 Bc8 45. Nf5 Rxe6 46. Nxh6+ Kf8 47. Rxe6 Rxe6 48. Ng4 Rd6+ 49. Ke1 Bxg4 50. hxg4 Rb6 51. Rd2 Ke7 52. Kf2 Rd6 53. Re2+ Re6 54. Rc2 Rd6 55. g3 fxg3+ 56. Kxg3 Rd3+ 57. Kg2 Ke6 58. Rf2 Re3 59. Rd2 Ke5 60. Rd8 Re2+ 61. Kf3 Rxb2 62. Ra8 Rb3 63. Ra5+ Kf6 64. Rxa4 Rxc3+ 65. Ke4 Rg3 66. Ra6+ Kf7 67. Kf5 c3 68. Ra7+ Kf8 69. Rc7 c2 70. a4 Ra3 71. Kf6 Kg8 72. Kg6 Kf8 73. Rc8+ Ke7 74. Rxc2 Rxa4 75. Kxg5 Kf7 76. Rc7+ Kg8 77. Kh5 Ra6 78. g5 Rb6 79. Ra7 Rc6 80. Rb7 1/2-1/2

[Event "Ostersund Storsjodraget op"]
[Site "Ostersund"]
[Date "2019.06.16"]
[Round "6"]
[White "Bohman Karlholm, Adrian"]
[Black "Gillefalk, Bjorn"]
[Result "1-0"]
[WhiteElo "2065"]
[BlackElo "2063"]
[PlyCount "59"]
[EventDate "2019.06.14"]
[EventType "swiss"]
[EventRounds "7"]
[EventCountry "SWE"]
[SourceTitle "CBM 192 Extra"]
[Source "Chessbase"]
[SourceDate "2019.11.06"]
[SourceVersion "1"]
[SourceVersionDate "2019.11.06"]
[SourceQuality "1"]

1. d4 Nf6 2. c4 c5 3. d5 b5 4. cxb5 a6 5. bxa6 g6 6. Nc3 Bg7 7. e4 0-0 8. a7 Rxa7 9. Nf3 d6 10. Be2 Ba6 11. 0-0 Qb6 12. Re1 Ne8 13. a4 Nc7 14. e5 dxe5 15. Bxa6 Ncxa6 16. Nxe5 Nb4 17. Bf4 Rd8 18. Qd2 e6 19. Nc4 Qa6 20. Nb5 Rxd5 21. Qe2 N8c6 22. Ne3 Rd8 23. Nxa7 Qxa7 24. Red1 Nd4 25. Qc4 Qa5 26. h3 e5 27. Bg3 Rb8 28. Rac1 Qxa4 29. Kh2 Rc8 30. Nd5 1-0

[Event "Deltalift op"]
[Site "Tylosand"]
[Date "2019.05.30"]
[Round "2"]
[White "Bohman Karlholm, Adrian"]
[Black "Malmstig, Erik"]
[Result "0-1"]
[WhiteElo "2065"]
[BlackElo "2352"]
[PlyCount "64"]
[EventDate "2019.05.30"]
[EventType "swiss"]
[EventRounds "8"]
[EventCountry "SWE"]
[SourceTitle "CBM 190 Extra"]
[Source "ChessBase"]
[SourceDate "2019.07.15"]
[SourceVersion "1"]
[SourceVersionDate "2019.07.15"]
[SourceQuality "1"]

1. d4 Nf6 2. c4 c5 3. d5 b5 4. cxb5 a6 5. bxa6 g6 6. Nc3 Bxa6 7. Nf3 d6 8. g3 Bg7 9. Bg2 Nbd7 10. Rb1 0-0 11. b3 Qa5 12. Bd2 Rfb8 13. 0-0 Qc7 14. h3 Qb7 15. Qc2 Nxd5 16. Nxd5 Qxd5 17. Ng5 Qe5 18. Bxa8 Rxa8 19. Rfe1 Bb7 20. e4 h6 21. Nf3 Qh5 22. Kg2 f5 23. g4 fxg4 24. Ng1 gxh3+ 25. Nxh3 Qg4+ 26. Kh2 Ne5 27. Ng1 Rf8 28. f4 g5 29. f5 Rxf5 30. Re2 Nf3+ 31. Nxf3 Rxf3 32. Rg2 Qh4+ 0-1

[Event "Ostersund Jamt Cup"]
[Site "Ostersund"]
[Date "2018.12.27"]
[Round "4"]
[White "Bohman Karlholm, Adrian"]
[Black "Sundell, Bo"]
[Result "1-0"]
[WhiteElo "2018"]
[BlackElo "2171"]
[PlyCount "109"]
[EventDate "2018.12.27"]
[EventType "swiss"]
[EventRounds "7"]
[EventCountry "SWE"]
[SourceTitle "CBM 188 Extra"]
[Source "ChessBase"]
[SourceDate "2019.02.26"]
[SourceVersion "1"]
[SourceVersionDate "2019.02.26"]
[SourceQuality "1"]

1. d4 d5 2. c4 c6 3. cxd5 cxd5 4. Nf3 Nf6 5. Nc3 Nc6 6. Bf4 Bf5 7. e3 e6 8. Bd3 Bxd3 9. Qxd3 Be7 10. 0-0 0-0 11. Qb5 Qd7 12. Rac1 a6 13. Qe2 b5 14. a4 b4 15. Nb1 Nh5 16. b3 Nxf4 17. exf4 Bf6 18. Qe3 Rac8 19. Nbd2 Rc7 20. Ne5 Bxe5 21. fxe5 Rfc8 22. Rc5 Nd8 23. Rfc1 Nb7 24. Rxc7 Rxc7 25. Nf3 Na5 26. Rc5 Nb7 27. Rc1 Qc8 28. Rxc7 Qxc7 29. Qd2 Qc3 30. Qxc3 bxc3 31. Ne1 f6 32. f4 Kf7 33. b4 Nd8 34. Kf2 Ke7 35. Ke3 fxe5 36. fxe5 Nc6 37. Nc2 a5 38. bxa5 Nxa5 39. Kd3 Kd7 40. Kxc3 Kc7 41. Ne1 Nc4 42. Nd3 Ne3 43. Nc5 Nxg2 44. Nxe6+ Kc6 45. Nxg7 Nf4 46. Nf5 Kb6 47. Kb4 Nd3+ 48. Kc3 Nf4 49. Kb3 Ka5 50. Ng7 Ne2 51. Ne6 Nc1+ 52. Kc2 Ne2 53. Kd3 Nc1+ 54. Ke3 Kxa4 55. Nc7 1-0

[Event "Malmo op"]
[Site "Malmo"]
[Date "2018.12.15"]
[Round "5"]
[White "Bohman Karlholm, Adrian"]
[Black "Pantzar, Milton"]
[Result "0-1"]
[WhiteElo "2041"]
[BlackElo "2334"]
[PlyCount "122"]
[EventDate "2018.12.14"]
[EventType "swiss"]
[EventRounds "8"]
[EventCountry "SWE"]
[SourceTitle "CBM 187 Extra"]
[Source "ChessBase"]
[SourceDate "2018.11.04"]
[SourceVersion "1"]
[SourceVersionDate "2018.11.04"]
[SourceQuality "1"]

1. d4 Nf6 2. c4 c5 3. d5 b5 4. cxb5 a6 5. bxa6 g6 6. Nc3 Bg7 7. Nf3 0-0 8. g3 d6 9. Bg2 Nxa6 10. 0-0 Bb7 11. e4 Nb4 12. Bd2 Ba6 13. a3 Bxf1 14. Bxf1 Na6 15. Qc1 Qb6 16. Rb1 Rfb8 17. e5 dxe5 18. Nxe5 Rd8 19. Nc6 Re8 20. Na4 Qb7 21. Nxc5 Nxc5 22. Qxc5 Ne4 23. Qc2 Nxd2 24. Qxd2 Rxa3 25. Na5 Qb8 26. Nc6 Qb6 27. bxa3 Qxb1 28. Qe3 Bf6 29. Kg2 Ra8 30. Nxe7+ Bxe7 31. Qxe7 Qb3 32. Qe4 Qxa3 33. d6 Rd8 34. d7 Qa8 35. Qxa8 Rxa8 36. Ba6 Kf8 37. h4 Ke7 38. Bc8 Ra3 39. Kf1 Ra2 40. Kg2 Rd2 41. Kf3 Rd6 42. Kg2 Kf6 43. Kf3 Ke5 44. Ke3 h6 45. Kf3 Kd4 46. g4 g5 47. hxg5 hxg5 48. Kg3 Ke4 49. Bb7+ Kd4 50. Bc8 Ke4 51. Bb7+ Ke5 52. Bc8 Rd3+ 53. f3 Rd2 54. Kh3 Kf4 55. Bb7 Rxd7 56. Be4 Rd2 57. Bc6 Rf2 58. Be8 Rxf3+ 59. Kh2 Rf2+ 60. Kg1 Kg3 61. Bd7 Rd2 0-1

[Event "Malmo op"]
[Site "Malmo"]
[Date "2018.12.14"]
[Round "2"]
[White "Bohman Karlholm, Adrian"]
[Black "Jacobsen, Mikkel Manosri"]
[Result "0-1"]
[WhiteElo "2041"]
[BlackElo "2331"]
[PlyCount "86"]
[EventDate "2018.12.14"]
[EventType "swiss"]
[EventRounds "8"]
[EventCountry "SWE"]
[SourceTitle "CBM 187 Extra"]
[Source "ChessBase"]
[SourceDate "2018.11.04"]
[SourceVersion "1"]
[SourceVersionDate "2018.11.04"]
[SourceQuality "1"]

1. d4 Nf6 2. c4 e6 3. Nc3 d5 4. Bg5 Nbd7 5. e3 Be7 6. Nf3 0-0 7. Rc1 h6 8. Bh4 a6 9. cxd5 exd5 10. Bd3 b5 11. 0-0 Bb7 12. Qe2 Re8 13. Bb1 Rc8 14. a3 c5 15. dxc5 Nxc5 16. Nd4 Qb6 17. Nf5 Bf8 18. Rcd1 g6 19. Nd4 Bg7 20. Bxf6 Bxf6 21. Ba2 Rcd8 22. Qf3 Ne4 23. Nxe4 dxe4 24. Qg4 Bd5 25. Bxd5 Rxd5 26. b4 Bxd4 27. exd4 Rxd4 28. Rxd4 Qxd4 29. Rd1 Qe5 30. Re1 Qc3 31. Qd1 Qxa3 32. Qd2 e3 33. fxe3 Re4 34. h3 Qxb4 35. Qd8+ Qf8 36. Qd5 Qe8 37. Ra1 Re5 38. Qb7 Rxe3 39. Qxa6 Re1+ 40. Rxe1 Qxe1+ 41. Kh2 Qe5+ 42. Kg1 b4 43. Qb7 Qc3 0-1

[Event "Ostersund op"]
[Site "Ostersund"]
[Date "2018.06.16"]
[Round "3"]
[White "Bohman Karlholm, Adrian"]
[Black "Soderstrom, Adrian"]
[Result "1/2-1/2"]
[WhiteElo "2029"]
[BlackElo "1983"]
[PlyCount "40"]
[EventDate "2018.06.15"]
[EventType "swiss"]
[EventRounds "6"]
[EventCountry "SWE"]
[SourceTitle "CBM 184 Extra"]
[Source "ChessBase"]
[SourceDate "2018.06.28"]
[SourceVersion "1"]
[SourceVersionDate "2018.06.28"]
[SourceQuality "1"]

1. d4 e6 2. c4 f5 3. g3 Nf6 4. Bg2 Be7 5. Nf3 d6 6. 0-0 0-0 7. Nc3 a5 8. Re1 Ne4 9. Qc2 Nxc3 10. Qxc3 Nc6 11. e4 e5 12. exf5 Bxf5 13. dxe5 dxe5 14. c5 e4 15. Nd2 Qd4 16. Nxe4 Bxe4 17. Qxd4 Nxd4 18. Bxe4 Bxc5 19. Be3 c6 20. Rad1 Ne6 1/2-1/2

[Event "Ostersund op"]
[Site "Ostersund"]
[Date "2018.06.15"]
[Round "1"]
[White "Bohman Karlholm, Adrian"]
[Black "Olofsson, Ingemar"]
[Result "1-0"]
[WhiteElo "2029"]
[BlackElo "1547"]
[PlyCount "53"]
[EventDate "2018.06.15"]
[EventType "swiss"]
[EventRounds "6"]
[EventCountry "SWE"]
[SourceTitle "CBM 184 Extra"]
[Source "ChessBase"]
[SourceDate "2018.06.28"]
[SourceVersion "1"]
[SourceVersionDate "2018.06.28"]
[SourceQuality "1"]

1. d4 Nf6 2. c4 d5 3. cxd5 Nxd5 4. Nf3 Nc6 5. e4 Nb6 6. Nc3 Bg4 7. d5 Na5 8. Be3 a6 9. Bxb6 cxb6 10. b4 e6 11. bxa5 b5 12. Qb3 Bd6 13. Be2 0-0 14. 0-0 Rc8 15. dxe6 Bxe6 16. Nd5 Bc5 17. a4 b4 18. Bc4 Kh8 19. Nb6 Bxc4 20. Nxc4 Rc6 21. Rad1 Qe7 22. Nce5 Rh6 23. Rd7 Qf6 24. Nxf7+ Rxf7 25. Qxf7 Qxf7 26. Rxf7 Kg8 27. Rxb7 1-0

[Event "Ostersund op"]
[Site "Ostersund"]
[Date "2018.06.15"]
[Round "2"]
[White "Oberg, Bengt"]
[Black "Bohman Karlholm, Adrian"]
[Result "0-1"]
[WhiteElo "1729"]
[BlackElo "2029"]
[PlyCount "78"]
[EventDate "2018.06.15"]
[EventType "swiss"]
[EventRounds "6"]
[EventCountry "SWE"]
[SourceTitle "CBM 184 Extra"]
[Source "ChessBase"]
[SourceDate "2018.06.28"]
[SourceVersion "1"]
[SourceVersionDate "2018.06.28"]
[SourceQuality "1"]

1. c4 e5 2. Nc3 Nf6 3. e3 Nc6 4. a3 d5 5. cxd5 Nxd5 6. Qf3 Nb6 7. Bb5 Bd7 8. b4 a5 9. bxa5 Nxa5 10. Rb1 Bd6 11. Nge2 0-0 12. 0-0 c6 13. Bd3 f5 14. Qg3 Rf6 15. f4 e4 16. Bc2 Nbc4 17. a4 Be6 18. d3 exd3 19. Bxd3 Bc5 20. Bxc4 Bxc4 21. Rd1 Rd6 22. Bb2 Rxd1+ 23. Rxd1 Qe7 24. Nd4 Bxd4 25. Rxd4 Re8 26. Kf2 b5 27. axb5 cxb5 28. Nd5 Bxd5 29. Rxd5 Nc4 30. Bd4 Nd2 31. Ke2 Ne4 32. Qe1 Qf7 33. Re5 Rc8 34. Qb4 Qh5+ 35. Kf1 Rc1+ 36. Qe1 Nd2+ 37. Kf2 Qh4+ 38. Ke2 Qxe1+ 39. Kd3 Qf1+ 0-1

[Event "Deltalift op"]
[Site "Tylosand"]
[Date "2018.05.11"]
[Round "6"]
[White "Sorensen, Hampus"]
[Black "Bohman Karlholm, Adrian"]
[Result "1/2-1/2"]
[WhiteElo "2176"]
[BlackElo "2019"]
[PlyCount "65"]
[EventDate "2018.05.10"]
[EventType "swiss"]
[EventRounds "8"]
[EventCountry "SWE"]
[SourceTitle "CBM 184 Extra"]
[Source "ChessBase"]
[SourceDate "2018.06.28"]
[SourceVersion "1"]
[SourceVersionDate "2018.06.28"]
[SourceQuality "1"]

1. d4 d5 2. c4 e6 3. Nc3 c6 4. e3 f5 5. Nf3 Nf6 6. Bd3 Bd6 7. 0-0 0-0 8. b3 Ne4 9. Bb2 Nd7 10. Qc2 g5 11. Ne2 Qf6 12. Ng3 g4 13. Bxe4 fxe4 14. Nd2 Rf7 15. Rae1 Qh4 16. Re2 Nf6 17. f4 gxf3 18. gxf3 Rg7 19. Rg2 Bxg3 20. hxg3 Rxg3 21. Rff2 Kh8 22. Rxg3 Qxg3+ 23. Kf1 Bd7 24. Ba3 Rg8 25. Be7 Rg6 26. Ke2 Rh6 27. Qd1 exf3+ 28. Rxf3 Qg2+ 29. Kd3 Ne4 30. Nxe4 dxe4+ 31. Kxe4 Rh3 32. Kf4 Qh2+ 33. Ke4 1/2-1/2

[Event "Vaxjo op"]
[Site "Vaxjo"]
[Date "2018.02.10"]
[Round "5"]
[White "Bohman Karlholm, Adrian"]
[Black "Henriksson, Johan"]
[Result "0-1"]
[WhiteElo "2008"]
[BlackElo "2288"]
[PlyCount "88"]
[EventDate "2018.02.09"]
[EventType "swiss"]
[EventRounds "8"]
[EventCountry "SWE"]
[SourceTitle "CBM 182 Extra"]
[Source "ChessBase"]
[SourceDate "2018.02.23"]
[SourceVersion "1"]
[SourceVersionDate "2018.02.23"]
[SourceQuality "1"]

1. d4 d5 2. c4 dxc4 3. e4 e5 4. Nf3 exd4 5. Bxc4 Nc6 6. 0-0 Be6 7. Bxe6 fxe6 8. Qb3 Qd7 9. e5 0-0-0 10. Rd1 Nge7 11. Nc3 Nd5 12. Nxd4 Nxd4 13. Rxd4 Bc5 14. Rd2 Rhf8 15. Nxd5 exd5 16. Rc2 Qf5 17. Qh3 Qxh3 18. gxh3 Bd4 19. Bg5 Rde8 20. Rd1 Rxe5 21. Bh4 Bb6 22. Kf1 c6 23. Bg3 Ref5 24. b4 a6 25. a4 Bc7 26. b5 axb5 27. axb5 Bxg3 28. hxg3 Kc7 29. Kg2 Rd8 30. h4 d4 31. bxc6 bxc6 32. f4 Rb5 33. Re2 Rd7 34. g4 c5 35. Re5 Rb2+ 36. Kf3 Rb3+ 37. Ke4 Re3+ 38. Kf5 Rf7+ 39. Kg5 Rxe5+ 40. fxe5 Kd7 41. Rc1 Ke6 42. Rxc5 d3 43. Rc3 d2 44. Rd3 Rd7 0-1